000 00477nam a2200157Ia 4500
008 221030s9999 xx 000 0 und d
020 _a0070990107
041 _aEnglish
082 _a105.23
_bSpi
100 _aM. R. Spiegel
245 0 _aSchaum`s Outline of Theory & Problems of Complex Variable With an Introduction to Conformal Mapping and its Applications
_cby M. R. Spiegel
260 _bTMH
_aNew Delhi
_c1981
300 _a225
650 _aBE Mathematics
942 _cBK
999 _c8017
_d8017